<?xml version="1.0" encoding="UTF-8"?>
<record
    xmlns:xsi="http://www.w3.org/2001/XMLSchema-instance"
    xsi:schemaLocation="http://www.loc.gov/MARC21/slim http://www.loc.gov/standards/marcxml/schema/MARC21slim.xsd"
    xmlns="http://www.loc.gov/MARC21/slim">

  <leader>01063nam a2200229Ia 4500</leader>
  <controlfield tag="001">15885</controlfield>
  <controlfield tag="003">GE_BSU</controlfield>
  <controlfield tag="008">181216s||||||||xx |||||||||||||| ||und||</controlfield>
  <datafield tag="040" ind1=" " ind2=" ">
    <subfield code="c">GE_BSU</subfield>
  </datafield>
  <datafield tag="080" ind1=" " ind2=" ">
    <subfield code="a">821.353.1-1 + 821.353.1-11</subfield>
  </datafield>
  <datafield tag="100" ind1=" " ind2=" ">
    <subfield code="a">&#x10ED;&#x10D0;&#x10D5;&#x10ED;&#x10D0;&#x10D5;&#x10D0;&#x10EB;&#x10D4;, &#x10D8;. (&#x10D8;&#x10DA;&#x10D8;&#x10D0;, 1837-1907)</subfield>
  </datafield>
  <datafield tag="245" ind1=" " ind2=" ">
    <subfield code="a">&#x10D7;&#x10EE;&#x10D6;&#x10E3;&#x10DA;&#x10D4;&#x10D1;&#x10D0;&#x10D7;&#x10D0; &#x10E1;&#x10E0;&#x10E3;&#x10DA;&#x10D8; &#x10D9;&#x10E0;&#x10D4;&#x10D1;&#x10E3;&#x10DA;&#x10D8; : 10 &#x10E2;&#x10DD;&#x10DB;&#x10D0;&#x10D3;</subfield>
  </datafield>
  <datafield tag="245" ind1=" " ind2=" ">
    <subfield code="c">&#x10DE;. &#x10D8;&#x10DC;&#x10D2;&#x10DD;&#x10E0;&#x10DD;&#x10E7;&#x10D5;&#x10D0;&#x10E1; &#x10E0;&#x10D4;&#x10D3;. [&#x10D3;&#x10D0; &#x10E8;&#x10D4;&#x10E1;&#x10D0;&#x10D5;. &#x10EC;&#x10D4;&#x10E0;&#x10D8;&#x10DA;&#x10D8;&#x10D7;</subfield>
  </datafield>
  <datafield tag="260" ind1=" " ind2=" ">
    <subfield code="a">&#x10D7;&#x10D1;&#x10D8;&#x10DA;&#x10D8;&#x10E1;&#x10D8;</subfield>
  </datafield>
  <datafield tag="260" ind1=" " ind2=" ">
    <subfield code="b">&#x10E1;&#x10D0;&#x10EE;&#x10D4;&#x10DA;&#x10D2;&#x10D0;&#x10DB;&#x10D8;</subfield>
  </datafield>
  <datafield tag="260" ind1=" " ind2=" ">
    <subfield code="c">1951</subfield>
  </datafield>
  <datafield tag="300" ind1=" " ind2=" ">
    <subfield code="a">500 &#x10D2;&#x10D5;. : &#x10E4;&#x10D0;&#x10E5;&#x10E1;. 15 &#x10E4;&#x10EA;. &#x10DE;&#x10DD;&#x10E0;&#x10E2;&#x10E0;. &#x10D3;&#x10D0; &#x10D8;&#x10DA;.20 &#x10E1;&#x10DB;</subfield>
  </datafield>
  <datafield tag="300" ind1=" " ind2=" ">
    <subfield code="e">&#x10D3;&#x10D0;&#x10DC;&#x10D0;&#x10E0;&#x10D7;&#x10D8;: &#x10D8;&#x10DA;&#x10D8;&#x10D0;&#x10E1; &#x10DC;&#x10D0;&#x10EC;&#x10D0;&#x10E0;&#x10DB;&#x10DD;&#x10D4;&#x10D1;&#x10D7;&#x10D0; &#x10D9;&#x10DD;&#x10DB;&#x10D4;&#x10DC;&#x10E2;&#x10D0;&#x10E0;&#x10D8;. &#x10E1;&#x10D0;&#x10E0;&#x10D4;&#x10D3;&#x10D0;&#x10E5;&#x10EA;&#x10D8;&#x10DD; &#x10E8;&#x10D4;&#x10DC;&#x10D8;&#x10E8;&#x10D5;&#x10DC;&#x10D4;&#x10D1;&#x10D8;, &#x10D2;&#x10D5;. 359-91</subfield>
  </datafield>
  <datafield tag="653" ind1=" " ind2=" ">
    <subfield code="a">&#x10D7;&#x10EE;&#x10D6;&#x10E3;&#x10DA;&#x10D4;&#x10D1;&#x10D0;&#x10D7;&#x10D0; &#x10E1;&#x10E0;&#x10E3;&#x10DA;&#x10D8; &#x10D9;&#x10E0;&#x10D4;&#x10D1;&#x10E3;&#x10DA;&#x10D8;</subfield>
  </datafield>
  <datafield tag="653" ind1=" " ind2=" ">
    <subfield code="a">&#x10DA;&#x10D4;&#x10E5;&#x10E1;&#x10D4;&#x10D1;&#x10D8;, &#x10DE;&#x10DD;&#x10D4;&#x10DB;&#x10D4;&#x10D1;&#x10D8;</subfield>
  </datafield>
  <datafield tag="942" ind1=" " ind2=" ">
    <subfield code="c">BK</subfield>
  </datafield>
  <datafield tag="999" ind1=" " ind2=" ">
    <subfield code="c">48980</subfield>
    <subfield code="d">48980</subfield>
  </datafield>
  <datafield tag="952" ind1=" " ind2=" ">
    <subfield code="0">0</subfield>
    <subfield code="1">0</subfield>
    <subfield code="4">0</subfield>
    <subfield code="7">0</subfield>
    <subfield code="9">64861</subfield>
    <subfield code="d">2018-12-17</subfield>
    <subfield code="p">39004</subfield>
    <subfield code="r">2018-12-17</subfield>
    <subfield code="w">2018-12-17</subfield>
    <subfield code="y">BK</subfield>
  </datafield>
  <datafield tag="952" ind1=" " ind2=" ">
    <subfield code="0">0</subfield>
    <subfield code="1">0</subfield>
    <subfield code="4">0</subfield>
    <subfield code="7">0</subfield>
    <subfield code="9">64862</subfield>
    <subfield code="d">2018-12-17</subfield>
    <subfield code="p">39005</subfield>
    <subfield code="r">2018-12-17</subfield>
    <subfield code="w">2018-12-17</subfield>
    <subfield code="y">BK</subfield>
  </datafield>
  <datafield tag="952" ind1=" " ind2=" ">
    <subfield code="0">0</subfield>
    <subfield code="1">0</subfield>
    <subfield code="4">0</subfield>
    <subfield code="7">0</subfield>
    <subfield code="9">64863</subfield>
    <subfield code="d">2018-12-17</subfield>
    <subfield code="p">39006</subfield>
    <subfield code="r">2018-12-17</subfield>
    <subfield code="w">2018-12-17</subfield>
    <subfield code="y">BK</subfield>
  </datafield>
  <datafield tag="952" ind1=" " ind2=" ">
    <subfield code="0">0</subfield>
    <subfield code="1">0</subfield>
    <subfield code="4">0</subfield>
    <subfield code="7">0</subfield>
    <subfield code="9">64864</subfield>
    <subfield code="d">2018-12-17</subfield>
    <subfield code="p">39007</subfield>
    <subfield code="r">2018-12-17</subfield>
    <subfield code="w">2018-12-17</subfield>
    <subfield code="y">BK</subfield>
  </datafield>
  <datafield tag="952" ind1=" " ind2=" ">
    <subfield code="0">0</subfield>
    <subfield code="1">0</subfield>
    <subfield code="4">0</subfield>
    <subfield code="7">0</subfield>
    <subfield code="9">64865</subfield>
    <subfield code="d">2018-12-17</subfield>
    <subfield code="p">39008</subfield>
    <subfield code="r">2018-12-17</subfield>
    <subfield code="w">2018-12-17</subfield>
    <subfield code="y">BK</subfield>
  </datafield>
  <datafield tag="952" ind1=" " ind2=" ">
    <subfield code="0">0</subfield>
    <subfield code="1">0</subfield>
    <subfield code="4">0</subfield>
    <subfield code="7">0</subfield>
    <subfield code="9">64866</subfield>
    <subfield code="d">2018-12-17</subfield>
    <subfield code="p">39009</subfield>
    <subfield code="r">2018-12-17</subfield>
    <subfield code="w">2018-12-17</subfield>
    <subfield code="y">BK</subfield>
  </datafield>
  <datafield tag="952" ind1=" " ind2=" ">
    <subfield code="0">0</subfield>
    <subfield code="1">0</subfield>
    <subfield code="4">0</subfield>
    <subfield code="7">0</subfield>
    <subfield code="9">64867</subfield>
    <subfield code="d">2018-12-17</subfield>
    <subfield code="p">39010</subfield>
    <subfield code="r">2018-12-17</subfield>
    <subfield code="w">2018-12-17</subfield>
    <subfield code="y">BK</subfield>
  </datafield>
  <datafield tag="952" ind1=" " ind2=" ">
    <subfield code="0">0</subfield>
    <subfield code="1">0</subfield>
    <subfield code="4">0</subfield>
    <subfield code="7">0</subfield>
    <subfield code="9">64868</subfield>
    <subfield code="d">2018-12-17</subfield>
    <subfield code="p">39011</subfield>
    <subfield code="r">2018-12-17</subfield>
    <subfield code="w">2018-12-17</subfield>
    <subfield code="y">BK</subfield>
  </datafield>
  <datafield tag="952" ind1=" " ind2=" ">
    <subfield code="0">0</subfield>
    <subfield code="1">0</subfield>
    <subfield code="4">0</subfield>
    <subfield code="7">0</subfield>
    <subfield code="9">64869</subfield>
    <subfield code="d">2018-12-17</subfield>
    <subfield code="p">39012</subfield>
    <subfield code="r">2018-12-17</subfield>
    <subfield code="w">2018-12-17</subfield>
    <subfield code="y">BK</subfield>
  </datafield>
  <datafield tag="952" ind1=" " ind2=" ">
    <subfield code="0">0</subfield>
    <subfield code="1">0</subfield>
    <subfield code="4">0</subfield>
    <subfield code="7">0</subfield>
    <subfield code="9">64870</subfield>
    <subfield code="d">2018-12-17</subfield>
    <subfield code="p">39013</subfield>
    <subfield code="r">2018-12-17</subfield>
    <subfield code="w">2018-12-17</subfield>
    <subfield code="y">BK</subfield>
  </datafield>
  <datafield tag="952" ind1=" " ind2=" ">
    <subfield code="0">0</subfield>
    <subfield code="1">0</subfield>
    <subfield code="4">0</subfield>
    <subfield code="7">0</subfield>
    <subfield code="9">64871</subfield>
    <subfield code="d">2018-12-17</subfield>
    <subfield code="p">39014</subfield>
    <subfield code="r">2018-12-17</subfield>
    <subfield code="w">2018-12-17</subfield>
    <subfield code="y">BK</subfield>
  </datafield>
</record>
